Las autoridades del sistema nacional ambiental: u (Registro nro. 9079)

Detalles MARC
000 -CABECERA
Campo de control 00833nam a22002297a 4500
005 - FECHA Y HORA DE LA ULTIMA TRANSACCION
Campo de control 20150305101658.0
008 - ELEMENTOS DE LONGITUD FIJA—INFORMACION GENERAL
Campo de control 150305b2014 ck |||||r|||| 00| 0 spa d
020 ## - ISBN
ISBN 9789588745787
040 ## - FUENTE DE CATALOGACIÓN
Agencia catalogadora original CO-BoIAvH
Agencia transcriptora CO-BoIAvH
041 ## - IDIOMA
Código de idioma para texto/pista de sonido o título separado Español
044 ## - PAÍS DE PUBLICACIÓN
País de publicación Colombia
082 04 - NUMERO DE CLASIFICACION DECIMAL DEWEY
Número de clasificación 333.7
Número del ítem M72a
100 1# - ASIENTO PRINCIPAL--NOMBRE PERSONAL
Nombre personal Moina Triana, Alfredo Guillermo
9 (RLIN) 33251
245 10 - MENCION DE TITULO
Título Las autoridades del sistema nacional ambiental: u
Parte restante del título n análisis desde la política pública/
Mención de responsabilidad Alfredo Guillermo Molina Triana
260 ## - PUBLICACION, DISTRIBUCION, ETC. (PIE DE IMPRENTA)
Lugar de publicación, distribución, etc. Bogotá:
Nombre del editor, distribuidor, etc. Universidad Sergio Arboleda,
Fecha de publicación, distribución, etc. 2014.
300 ## - DESCRIPCION FISICA
Extensión 154 p.
Dimensiones 21 cm.
504 ## - NOTA DE BIBLIOGRAFIA, ETC.
Nota de bibliografía Incluye referencias bibliográficas (pag. 107-119)
650 #4 - ASIENTO SECUNDARIO DE MATERIA - TERMINO TEMATICO
Término temático o nombre geográfico como elemento de entrada Política ambiental
Subdivisión geográfica Colombia
9 (RLIN) 33252
650 ## - ASIENTO SECUNDARIO DE MATERIA - TERMINO TEMATICO
Término temático o nombre geográfico como elemento de entrada Medio Ambiente
Subdivisión geográfica Colombia
9 (RLIN) 33253
650 ## - ASIENTO SECUNDARIO DE MATERIA - TERMINO TEMATICO
Término temático o nombre geográfico como elemento de entrada Sistma Nacional Ambiental Sina
Subdivisión general organización
Subdivisión geográfica Colombia
9 (RLIN) 33254
942 ## - ELEMENTOS ADICIONALES (KOHA)
Sistema de clasificación Dewey Decimal Classification
Tipo de ítem Libro
Existencias
Withdrawn status Lost status Sistema de Clasificación Damaged status No para préstamo Colección Inventariado Ubicación Permanente Ubicación actual Fecha de adquisición Fuente de Valor Valor Total Checkouts Número topográfico Inventario / Código de Barras Date last seen Ejemplar Price effective from Forma de adquisición Tipo de material
    Dewey Decimal Classification     General Inventariado 2017 Bogotá Bogotá 05/03/2015 Instituto 39000.00   LB-333.7 M72a 038954 05/03/2015 Ej. 1 05/03/2015   Libro